00844nam a22002057a 450000500170000001000150001702000260003203500140005803700090007208200120008124501280009325000060022126000400022727001070026730000210037450000380039594200260043399900190045995201600047820250716123124.0 aENG-146001 a9789361634482c450.00 aEN-129533 bDBAD a543.089 a11th International Conference on Emerging Trends in Engineering & Technology/cPandian Saraswathi Yadav Engineering College a1 aMaduraibShanlax Publicationsc2024 a61, 66 T. P. K. Main Road Vasantha NagarbMaduraie625003k0452-4208765mshanlaxpublications@gmail.com a171p.c24cm (pb) aICETET'24 26th & 27th April 2024 2ddccENh543.089mINT c212397d212397 001040718NFICaDBADbDBADd2025-07-16eDelivery of Books Act Divisiong450.00l0o543.089 INTpEN-129533r2025-07-16 00:00:00t1v450.00w2025-07-16yEN